000 00646cam a22001814a 4500
005 20250901165410.0
008 050721s2005 vaua b 001 0 eng
010 _a 2005021083
020 _a9781416602965 (pbk.)
020 _a1416602968 (pbk.)
050 0 0 _aLB2806.4 .C37 2005
_b.C37 2005
082 0 0 _a371.2/03
_222
100 1 _aCarr, Judy F.
245 1 0 _aCreating dynamic schools through mentoring, coaching, and collaboration /
_cJudy F. Carr, Nancy Herman, and Douglas E. Harris.
260 _aAlexandria, Va. :
_bAssociation for Supervision and Curriculum Development,
_cc2005.
300 _avi, 165 p. :
_bill. ;
_c23 cm.
942 _2ddc
999 _c3335
_d3335